| 000 -LEADER |
| fixed length control field |
00686nam a22001217a 4500 |
| 040 ## - CATALOGING SOURCE |
| Transcribing agency |
RUA |
| 100 ## - MAIN ENTRY--AUTHOR NAME |
| Personal name |
CHEANG HORSAN,ជាង ហោសាន |
| 245 ## - TITLE STATEMENT |
| Title |
HAEMOPRASITES IN DOMESTIC CHICKEN (GALLUS GALLUS DOMESTIUS L.) AT PREY PHKOAM COMMUNE, ANDKOR BOREI DISTRICT,TAKEO PROVINCE,បរាសិតក្នុងឈាមមាន់ពូជក្នុងស្រុកនៅឃុំព្រៃផ្កាំ ស្រុកអង្គរបុរី ខេត្តតាកែវ |
| 260 ## - PUBLICATION, DISTRIBUTION, ETC. (IMPRINT) |
| Place of publication |
PHNOM PENH |
| Name of publisher |
RUA |
| Year of publication |
2019 |
| 300 ## - PHYSICAL DESCRIPTION |
| Number of Pages |
VII,34P, |
| Other physical details |
ILL, |
| Dimensions |
29CM, |
| 856 ## - ELECTRONIC LOCATION AND ACCESS |
| Uniform Resource Identifier |
https://drive.google.com/file/d/17ibZ92x8W_91f7og_3r6kU-ZChIE7a5W/view?usp=share_link |
| 942 ## - ADDED ENTRY ELEMENTS (KOHA) |
| Koha item type |
AGR |
| 952 ## - LOCATION AND ITEM INFORMATION (KOHA) |
| Withdrawn status [LOCAL, KOHA] |
0 |
| 952 ## - LOCATION AND ITEM INFORMATION (KOHA) |
| Withdrawn status [LOCAL, KOHA] |
0 |
| 952 ## - LOCATION AND ITEM INFORMATION (KOHA) |
| Withdrawn status [LOCAL, KOHA] |
0 |
| 952 ## - LOCATION AND ITEM INFORMATION (KOHA) |
| Withdrawn status [LOCAL, KOHA] |
0 |
| 952 ## - LOCATION AND ITEM INFORMATION (KOHA) |
| Withdrawn status [LOCAL, KOHA] |
0 |
| 952 ## - LOCATION AND ITEM INFORMATION (KOHA) |
| Withdrawn status [LOCAL, KOHA] |
0 |